Services marketing : (Record no. 28692)

MARC details
000 -LEADER
fixed length control field 00898nam a2200253 a 4500
005 - DATE AND TIME OF LATEST TRANSACTION
control field 20090727111027.0
008 - FIXED-LENGTH DATA ELEMENTS--GENERAL INFORMATION
fixed length control field 820519s1981 maua b 000 0 eng
010 ## - LCCN (DPL NO)
LC control number ENG-94571
020 ## - INTERNATIONAL STANDARD BOOK NUMBER
International Standard Book Number 9788120336940
Terms of availability 250.00
035 ## - SYSTEM CONTROL NUMBER
System control number EN-78104
037 ## - SOURCE OF ACQUISITION
Source of stock number/acquisition DBAD / PUB
040 ## - CATALOGING SOURCE
Original cataloging agency dpl
Language of cataloging English
082 ## - DEWEY DECIMAL CLASSIFICATION NUMBER
Classification number 658.8
100 ## - MAIN ENTRY--PERSONAL NAME
Personal name Srinivasan, R.
245 ## - TITLE STATEMENT
Title Services marketing :
Remainder of title the Indian context /
Statement of responsibility, etc by R. Srinivasan
250 ## - EDITION STATEMENT
Edition statement 2nd ed.
260 ## - PUBLICATION, DISTRIBUTION, ETC. (IMPRINT)
Place of publication, distribution, etc New Delhi
Name of publisher, distributor, etc PHI Learning
Date of publication, distribution, etc 2009
270 ## - ADDRESS
Address M-97, Connaught Circus
City New Delhi
Postal code 110001
300 ## - PHYSICAL DESCRIPTION
Extent xvi, 267p.
Dimensions 24cm(pbk)
500 ## - GENERAL NOTE
General note Includes index
650 ## - SUBJECT ADDED ENTRY--TOPICAL TERM
Topical term or geographic name as entry element Service industries
General subdivision Marketing.
942 ## - ADDED ENTRY ELEMENTS (KOHA)
Source of classification or shelving scheme Dewey Decimal Classification
Item type English Books
Classification part 658.8
Call number suffix SRI
Holdings
Withdrawn status Lost status Source of classification or shelving scheme Damaged status Not for loan Collection code Home library Current library Date acquired Source of acquisition Cost, normal purchase price Total Checkouts Full call number Barcode Date last seen Copy number Cost, replacement price Koha item type
    Dewey Decimal Classification   Not For Loan Non-fiction D.B.Act.Division D.B.Act.Division 27/07/2009 DBAD / PUB 250.00   658.8 SRI EN-78104 27/07/2009 1 250.00 English Books

© Delhi Public Library
Hit Counter
free hit counter